000 00337nam a2200133Ia 4500
005 20251222151312.0
008 251222s9999||||xx |||||||||||||| ||spa||
082 _a515.33/V18E
100 _aValle Sierra, Jesús del
245 0 _aElementos básicos de cálculo integral y series
250 _a1a.ed.
264 _bUDEA,
942 _cLIB
999 _c23411
_d23411